| 000 | 00000nam##2200000za#4500 |
| 001 | 9.661937 |
| 003 | CaOODSP |
| 005 | 20210615120312 |
| 007 | ta |
| 008 | 150407|2000||||xxc||||| f|0| 0 eng|d |
| 020 | |a0-662-65043-3 |
| 040 | |aCaOODSP|beng |
| 041 | |aeng |
| 041 | |afre |
| 043 | |an-cn--- |
| 086 | 1 |aH21-156/2000 |
| 110 | 1 |aCanada.|bHealth Canada. |bInformation, Analysis and Connectivity Branch. |
| 245 | 10|aRealigning Health Canada to better serve Canadians / |cPrepared by Departmental Program Evaluation Division, Applied Research and Analysis Directorate. |
| 260 | |aOttawa - Ontario : |bHealth Canada. |c2000. |
| 300 | |aEnglish text, 28p. ; |c28 cm. |
| 500 | |a"The foregoing outlines the strategic direction for a realignment of Health Canada. We have laid out the major program elements that will form the branches and the regional structure that will support the Department's program delivery across Canada."--Page 27. |
| 520 | 3 |aThe foregoing outlines the strategic direction for a realignment of Health Canada. We have laid out the major program elements that will form the branches and the regional structure that will support the Department's program delivery across Canada.--Page 27 |
| 546 | |aBilingual |
| 563 | |aSoftcover |
| 590 | |a00-26|b2000-06-30 |
| 690 | 07|aHealth care system|2gcpds |
| 690 | 07|aHealth promotion|2gcpds |
| 690 | 07|aHealth policy|2gcpds |
| 776 | 0#|tRemaniement de Santé Canada pour mieux servir la population canadienne |w(CaOODSP)9.640467 |
| 776 | 0#|tRealigning Health Canada to better serve Canadians |w(CaOODSP)9.696350 |
| 792 | |tRemaniement de Santé Canada pour mieux servir la population canadienne / |efre|w(CaOODSP)9.661938 |